00825nam a2200229 a 450000100100000000500170001000800410002702000180006804000250008604100130011108200130012410000400013724000540017724500970023126000320032830000200036049000230038070000320040383000320043595201110046799900170057800004254920201002040228.0131211s2007 sp 000 0 spa d a9788498156850 aDO-SdBNPbspacBNPHU17aspaheng axxxbxxx1 aDumas, Alexandre,d1802-1870.9371510aLes tombeaux de Saint-Denis. les deux étudiants14aLas tumbas de Saint-Denis y otros relatos /cAlejandro Dumas ; traducción, Mauro Armiño. aMadrid :bEl País,c2007. a79 p. ;c19 cm.1 aRelatos brevesv0112aArmiño, Mauroetr.913314 0aRelatos breves ;n01969791 001050718MOaGRbGRcCTd2013-12-11iLF1l0oxxx xxxp42549-10r2020-06-25w2020-06-25y1ZNo se presta c42038d42038